Statistics for Hottest Cities in Oceania

Click here to take the quiz!

General Stats

  • This quiz has been taken 27 times
  • The average score is 8 of 15

Answer Stats

Answer% Correct
Melbourne
95%
Perth
95%
Sydney
95%
Adelaide
91%
Darwin
68%
Suva
68%
Cairns
64%
Port Moresby
64%
Honiara
50%
Townsville
45%
Lae
32%
Geelong
27%
Honolulu
23%
Bendigo
18%
Central Coast
9%

Score Distribution

Percentile by Number Answered

Percent of People with Each Score

Your Score History

You have not taken this quiz